000 00388nam a2200157Ia 4500
008 230917s9999||||xx |||||||||||||| ||und||
020 _cPOU3.5
040 _e8649
_aMAIN
041 _aEnglish
082 _a327.112 H164C
100 _aHalperin, Morton H
245 0 _aContemporary military strategy
260 _aLondon
_bFaber and Faber
_c1972
300 _axi, 149 p.
942 _cBK
999 _c182927
_d182927